Statistics for Countries That Are High Income Economies

Click here to take the quiz!

General Stats

  • This quiz has been taken 50 times
  • The average score is 51 of 59

Answers on the Map

Answers color-coded by a green-red scale on the quiz's map according to % correct below.
 

Answer Stats

SinceAnswer% Correct
1987Australia
100%
1987Belgium
100%
1987Canada
100%
1987Finland
100%
1987France
100%
1987Germany
100%
1987Iceland
100%
1987Ireland
100%
1987Italy
100%
1987Japan
100%
1987Norway
100%
1994Portugal
100%
1987Spain
100%
1987Sweden
100%
1987U.K.
100%
1987U.S.A.
100%
1987Austria
97%
1987Denmark
97%
1987Israel
97%
1987Netherlands
97%
1987New Zealand
97%
2009Poland
97%
2001South Korea
97%
1987Switzerland
97%
2006Czech Republic
95%
1996Greece
95%
2007Slovakia
95%
2006Estonia
92%
2012Latvia
92%
2012Lithuania
92%
1987Luxembourg
92%
2002Malta
92%
1997Slovenia
92%
2017Croatia
89%
2014Hungary
89%
2004Saudi Arabia
89%
1987Singapore
89%
1994Liechtenstein
86%
1994Monaco
86%
1987Taiwan
86%
1987U.A.E.
86%
1990Andorra
84%
1987Qatar
84%
2000San Marino
84%
1987Bahamas
81%
2007Oman
81%
2001Bahrain
76%
2012Chile
76%
1987Kuwait
76%
1990Brunei
70%
1988Cyprus
70%
2006Barbados
62%
2012Uruguay
59%
2006Trinidad and Tobago
57%
2014Seychelles
54%
2012St. Kitts and Nevis
54%
2012Antigua and Barbuda
51%
2020Palau
35%
2019Nauru
32%

Score Distribution

Percentile by Number Answered

Percent of People with Each Score

Your Score History

You have not taken this quiz